Corporate accounting / (Record no. 41216)
[ view plain ]
| 000 -LEADER | |
|---|---|
| fixed length control field | 00782nam a22002297a 4500 |
| 005 - DATE AND TIME OF LATEST TRANSACTION | |
| control field | 20100812104124.0 |
| 010 ## - LCCN (DPL NO) | |
| LC control number | ENG-99687 |
| 020 ## - INTERNATIONAL STANDARD BOOK NUMBER | |
| International Standard Book Number | 9788125931294 |
| Terms of availability | 550.00 |
| 035 ## - SYSTEM CONTROL NUMBER | |
| System control number | EN-83219 |
| 037 ## - SOURCE OF ACQUISITION | |
| Source of stock number/acquisition | DBAD/PUB |
| 082 ## - DEWEY DECIMAL CLASSIFICATION NUMBER | |
| Classification number | 657 |
| 100 ## - MAIN ENTRY--PERSONAL NAME | |
| Personal name | Maheshwari, S. N. |
| 245 ## - TITLE STATEMENT | |
| Title | Corporate accounting / |
| Statement of responsibility, etc | by S. N. Maheshwari [and] S. K. Maheshwari |
| 250 ## - EDITION STATEMENT | |
| Edition statement | 5th rev. ed |
| 260 ## - PUBLICATION, DISTRIBUTION, ETC. (IMPRINT) | |
| Place of publication, distribution, etc | New Delhi |
| Name of publisher, distributor, etc | Vikas Publishing House |
| Date of publication, distribution, etc | 2009 |
| 270 ## - ADDRESS | |
| Address | 576, Masjid Road, Jangpura |
| City | New Delhi |
| Postal code | 110014 |
| 300 ## - PHYSICAL DESCRIPTION | |
| Extent | various pagings |
| Dimensions | 24cm (pbk) |
| 650 ## - SUBJECT ADDED ENTRY--TOPICAL TERM | |
| Topical term or geographic name as entry element | Corporate accounting |
| 700 ## - ADDED ENTRY--PERSONAL NAME | |
| Personal name | Maheshwari, S. K. |
| 9 (RLIN) | 11457 |
| 942 ## - ADDED ENTRY ELEMENTS (KOHA) | |
| Source of classification or shelving scheme | Dewey Decimal Classification |
| Item type | English Books |
| Classification part | 657 |
| Call number suffix | MAH |
| Withdrawn status | Lost status | Not for loan | Collection code | Home library | Current library | Date acquired | Source of acquisition | Cost, normal purchase price | Full call number | Barcode | Copy number | Cost, replacement price | Koha item type |
|---|---|---|---|---|---|---|---|---|---|---|---|---|---|
| Not For Loan | Non-fiction | D.B.Act.Division | D.B.Act.Division | 12/08/2010 | DBAD/PUB | 550.00 | 657 MAH | EN-83219 | 1 | 550.00 | English Books |
